000 00573nam a2200205Ia 4500
005 20250923145230.0
008 008 250917s9999 xx 000 0 eng d
037 _aTextual
040 _aDSWL
_beng
_cDSWL
041 _aeng
_2eng
084 _aYoaW, N69
_qDSWL
100 _aRunciman, W.G.
_9833163
245 0 _aSocial Science and political theory
_cby W.G. Runciman
260 _aCambridge
_bUniversity Press
_c1969
300 _a149p.
365 _aINR
_b11
925 _g11
942 _cTEXL
_hYoaW, N69
999 _c1448753
_d1448753